| 000 | 01216nam a2200265 i 4500 | ||
|---|---|---|---|
| 001 | bg | ||
| 245 | 1 | 0 |
_aIdentyfikacja i ocena oddziaływań antropogenicznych na zasoby wodne dla wskazania części wód zagrożonych nieosiągnięciem celów środowiskowych : _bpraca zbiorowa / _c[oprac. zespół Stanisław Czaban et al.] ; pod red. Elżbiety Nachlik. |
| 260 |
_aKraków : _bPK, _c2004. |
||
| 300 |
_a192 s. : _bmapy ; _c24 cm. |
||
| 490 | 1 | _aMonografia / Politechnika Krakowska im. Tadeusza Kościuszki. Inżynieria Środowiska | |
| 500 | _aISSN i nr serii gł.: 0860-097X, 318. - Streszcz. ang., niem. | ||
| 504 | _aBibliogr. | ||
| 650 | 9 |
_aWoda _xgospodarka _xprawo _zPolska _yod 1989 r. |
|
| 650 | 9 |
_aWoda _xgospodarka _xprawo wspólnotowe europejskie _ystan na 2004 r. |
|
| 650 | 9 |
_aWody podziemne _xhydrologia _zPolska |
|
| 650 | 9 |
_aWody śródlądowe _xhydrologia _zPolska |
|
| 700 | 1 |
_aNACHLIK, Elżbieta. _eRed. |
|
| 700 | 1 | _aCZABAN, Stanisław | |
| 830 | 0 |
_aMonografia (Politechnika Krakowska im. Tadeusza Kościuszki). _pInżynieria Środowiska |
|
| 040 | _cBPK | ||
| 041 | 0 |
_apol _bengger |
|
| 080 | _a556.18:556.3:556.5](438)"1989/..." | ||
| 942 | _cKS | ||
| 008 | s pl f |000 0 pol | ||
| 999 |
_c51713 _d51713 |
||
| 856 |
_uhttp://koha.tu.koszalin.pl/cgi-bin/koha/opac-detail.pl?biblionumber=51713 _yKatalog online BPK |
||